Waris di Wrasat / (Record no. 524232)

000 -LEADER
fixed length control field 00527nam a22001817a 4500
003 - CONTROL NUMBER IDENTIFIER
control field NUST
038 ## - RECORD CONTENT LICENSOR
Staff Name Waseem
082 ## - DEWEY DECIMAL CLASSIFICATION NUMBER
Classification number 891.491101
Author Mark MUJ
100 ## - MAIN ENTRY--PERSONAL NAME
Personal name Mujahida
9 (RLIN) 14933
245 ## - TITLE STATEMENT
Title Waris di Wrasat /
Statement of responsibility, etc. mujahida
260 ## - PUBLICATION, DISTRIBUTION, ETC.
Place of publication, distribution, etc. Lahore :
Name of publisher, distributor, etc. Idara Punjabi Likharian,
Date of publication, distribution, etc. 2011.
300 ## - PHYSICAL DESCRIPTION
Extent 184 p. ;
500 ## - GENERAL NOTE
General note Bibliography.
880 ## - ALTERNATE GRAPHIC REPRESENTATION
Linkage 100-01\r
Title مجاہدہ
880 ## - ALTERNATE GRAPHIC REPRESENTATION
Linkage 245-02\r
Title وارث دی وراثت /
880 ## - ALTERNATE GRAPHIC REPRESENTATION
Linkage 260-03\r
Title لاہور :
b ادارہ پنجابی لکھاریاں,
c ۲۰۱۱.
942 ## - ADDED ENTRY ELEMENTS (KOHA)
Source of classification or shelving scheme
Koha item type Book
Holdings
Withdrawn status Lost status Source of classification or shelving scheme Damaged status Not for loan Permanent Location Current Location Shelving location Date acquired Total Checkouts Full call number Barcode Date last seen Price effective from Koha item type
          Central Library (CL) Central Library (CL) Punjabi Literature 06/19/2019   891.491101 MUJ CL-E-1797 06/19/2019 06/19/2019 Book
© 2023 Central Library, National University of Sciences and Technology. All Rights Reserved.